Psicología organizacional (Registro nro. 4408)
[ vista simple ]
| 000 -Cabecera | |
|---|---|
| Campo de control de longitud fija | 01037aam a2200373 4500 |
| 005 - Fecha y hora de la última transacción | |
| Campo de control | 20241122183716.0 |
| 008 - Elementos de longitud fija--Información general | |
| Campo de control de longitud fija | 150409b xxu||||| |||| 00| 0 spa d |
| 041 ## - Idioma | |
| Código de idioma | |
| 082 ## - Clasificación Decimal Dewey | |
| Número de clasificación | 658.301 Z57p |
| 100 ## - Entrada principal--Autor personal | |
| Nombre personal | Zepeda Herrera, Fernando |
| 9 (RLIN) | 32414 |
| 245 ## - Título propiamente dicho | |
| Título | Psicología organizacional |
| 260 ## - Pie de imprenta | |
| Lugar de publicación, distribución, etc. | México |
| 260 ## - Pie de imprenta | |
| Nombre del editor, distribuidor, etc. | Pearson Educación |
| 260 ## - Pie de imprenta | |
| Fecha de publicación, distribución, etc. | 1999 |
| 300 ## - Descripción física | |
| Extensión | 368 páginas |
| 650 ## - Materia general | |
| Temática (materia general) | PSICOLOGÍA DEL PERSONAL |
| 650 ## - Materia general | |
| Temática (materia general) | PSICOLOGÍA ORGANIZACIONAL |
| 650 ## - Materia general | |
| Temática (materia general) | PSICOLOGÍA INDUSTRIAL |
| 650 ## - Materia general | |
| Temática (materia general) | ADMINISTRACIÓN DEL PERSONAL |
| 650 ## - Materia general | |
| Temática (materia general) | PLANIFICACIÓN DE RECURSOS HUMANOS |
| 650 ## - Materia general | |
| Temática (materia general) | MOTIVACIÓN DE EMPLEADOS |
| 650 ## - Materia general | |
| Temática (materia general) | SELECCIÓN DE PERSONAL |
| 650 ## - Materia general | |
| Temática (materia general) | LIDERAZGO |
| 650 ## - Materia general | |
| Temática (materia general) | PSICOLOGÍA |
| 650 ## - Materia general | |
| Temática (materia general) | MOTIVACIÓN |
| 650 ## - Materia general | |
| Temática (materia general) | TOMA DE DECISIONES |
| 650 ## - Materia general | |
| Temática (materia general) | PROCESO ORGANIZACIONAL |
| 650 ## - Materia general | |
| Temática (materia general) | TRABAJO EN EQUIPO |
| 650 ## - Materia general | |
| Temática (materia general) | CAMBIO ORGANIZACIONAL |
| 650 ## - Materia general | |
| Temática (materia general) | DESARROLLO FUNCIONAL |
| 650 ## - Materia general | |
| Temática (materia general) | DESARROLLO ESTRUCTURAL |
| 942 ## - Punto de acceso adicional KOHA | |
| Tipo de ítem KOHA | Libro |
| Fuente del sistema de clasificación o colocación | Dewey Decimal Classification |
| Signatura completa | Código de barras | Programa Académico | Tipo de ítem |
|---|---|---|---|
| 658.301 Z57p | 2963 | Libro | |
| 658.301 Z57p | 17251 | Libro | |
| 658.301 Z57p | 22362 | Libro | |
| 658.301 Z57p | 22363 | Libro |